00654nam a22001337a 450000500170000000800410001705000280005810000210008624501450010726000430025230000210029550000390031665001650035520260514095254.0260514b |||||||| |||| 00| 0 eng d aTHE LC 1099.3 .C44 2026 aCHEPKIRUI, BETTY aMULTICULTURAL EDUCATION AND THE DEVELOPMENT OF INTERCULTURAL COMPETENCE AMONG STUDENTS IN PUBLIC SECONDARY SCHOOLS IN KERICHO COUNTY, KENYA. aKISII,bKISII UNIVERSITY PRESS,c2026. aXVIII,165 P ILL aINCLUDES BIBLIOGRAPHIC REFERENCES. a1. MULTICULTURAL EDUCATION - KENYA- CASE STUDIES. 2. INTERCULTURAL COMPETENCE- KENYA- SECONDARY SCHOOLS. 3. STUDENTS- KENYA- ATTITUDES- CROSS- CULTURAL STUDIES